| 000 | 00727nam a2200217Ia 4500 | ||
|---|---|---|---|
| 003 | BUBTL | ||
| 008 | 151213s9999 xx 000 0 und d | ||
| 020 | _a0844232033 | ||
| 082 | _b658/ H531s/ 1997 | ||
| 100 | _aRoman G. Hiedhi9ng Jr. & Scott W. Couper . | ||
| 245 |
_aThe Successful Marketing Plan ; a discipling & comprehensive approach _cRoman G. Hiebing Jr. & Scott W. Couper . |
||
| 250 | _a2nd | ||
| 260 |
_aIllinois U S A _bN T C Business Books _cc1997 |
||
| 300 |
_a[xxxiv], 510p . : _bill, Chart ; 29cm. |
||
| 500 | _aIncludes Index. | ||
| 650 | _aMarketing | ||
| 700 |
_aRoman G. Hiedhi9ng Jr. & Scott W. Couper . _94499 |
||
| 856 |
_k0 _l0 _yDownload |
||
| 942 |
_2ddc _cBK |
||
| 999 |
_c2039 _d2039 |
||